| 000 | 00560nam a2200193Ia 4500 | ||
|---|---|---|---|
| 999 |
_c1886 _d1886 |
||
| 003 | OSt | ||
| 005 | 20200924110223.0 | ||
| 008 | 190216s9999||||xx |||||||||||||| ||und|| | ||
| 020 | _a9780070486676 | ||
| 040 | _coclc | ||
| 082 |
_a576.5 _bTAM/P |
||
| 100 |
_aTamarin, Robert H _94918 |
||
| 245 | 0 |
_aPrinciples Of Genetics / _cRobert H Tamarin |
|
| 250 | _a7th Ed. | ||
| 260 |
_bMcGraw Hill Education (india) Private Limited, _c2014. _aNew Delhi: |
||
| 300 | _a639p | ||
| 650 | _aBotany | ||
| 942 |
_cBK _2ddc _h576.5 _iTAM/P _k576.5 _mTAM/P |
||